| 000 | 01113cab a2200241 4500 | ||
|---|---|---|---|
| 001 | X129078 | ||
| 008 | 050316n2005 000 0 eng u | ||
| 035 | _a(Sirsi) u129078 | ||
| 100 | _aMurdoch, S. | ||
| 245 | 2 | _aA trap for landlords | |
| 260 | _c2005 | ||
| 490 |
_aEstates Gazette _v(0508) 26 February 2005, 189(1) |
||
| 520 | _aOutlines the differences between landlord covenants and personal covenants. The Landlord and Tenant (Covenants) Act 1995 had reformed the legal rules governing the assignment of leases and reversions. Post-1995 leases cannot provide in advance for the landlord's liability on a landlord covenant to cease should the reversion be assigned and would be in contravention of the Act's anti-avoidance provisions. Refers to the case "Avonridge Property Co Ltd v Mashru" (Abs68361). | ||
| 590 | _aABS | ||
| 650 | _aCOVENANTS | ||
| 650 | _aLANDLORDS CONVENANTS | ||
| 650 | _aPERSONAL COVENANTS | ||
| 650 | _aLANDLORD AND TENANT (COVENANTS) ACT 1995 | ||
| 650 | _aLEASES | ||
| 650 | _aAVONRIDGE PROPERTY CO LTD V MASHRU | ||
| 690 | _aLANDLORD AND TENANT-LEASES | ||
| 942 | _n0 | ||
| 999 |
_c74933 _d74933 |
||